| 000 | 01447cam a22003495i 4500 | ||
|---|---|---|---|
| 001 | 17855499 | ||
| 003 | EG-ScBUE | ||
| 005 | 20250303110459.0 | ||
| 008 | 130816t2014 nyua f 001 0 eng d | ||
| 020 | _a9780071822985 (pbk.) | ||
| 020 | _a0071822984 (pbk.) | ||
| 040 |
_aEG-ScBUE _beng _erda _cEG-ScBUE _dEG-ScBUE |
||
| 082 | 0 | 4 |
_a519.2 _bHSU _222 |
| 100 | 1 |
_aHsu, Hwei P. _q(Hwei Piao), _d1930- _eauthor. _95932 |
|
| 245 | 1 | 0 |
_aProbability, random variables and random processes / _cHwei P. Hsu., Ph.D. |
| 250 | _aThird edition. | ||
| 264 | 1 |
_aNew York : _bMcGraw-Hill Education, _c[2014] |
|
| 264 | 4 | _cc2014 | |
| 300 |
_aix, 422 pages : _billustrations ; _c28 cm. |
||
| 336 |
_2rdacontent _atext _btxt |
||
| 337 |
_2rdamedia _aunmediated _bn |
||
| 338 |
_2rdacarrier _avolume _bnc |
||
| 490 | 0 | _aSchaum's outline series | |
| 500 | _aPrevious edition : 2011. | ||
| 500 | _aIncludes index. | ||
| 500 | _aIncludes appendix. | ||
| 520 | _aWith 405 fully-solved problems plus 23 problem-solving videos available online, this guide may be used with the following courses: Probability, Random Processes, Stochastic Processes, Probability and Random Variables, and Introduction to Probability and Statistics.-- | ||
| 650 | 7 |
_aProbabilities _vProblems, exercises, etc. _2BUEsh _941266 |
|
| 650 | 7 |
_aStochastic processes _vProblems, exercises, etc. _2BUEsh |
|
| 653 |
_bENGGEN _bCOMSCI _cJune2015 _cAugust2015 _cOctober2015 |
||
| 942 |
_2ddc _cBB |
||
| 999 |
_c19919 _d19891 |
||